Kids See Ghosts Tracklist - Statistics

General Stats
  • This quiz has been taken 105 times
  • The average score is 6 of 7
Answer Stats
Hint Answer % Correct
5 Reborn
90%
7 Cudi Montage
89%
3 (Feat. Louis Prima) 4th Dimension
85%
6 (Feat. Mos Def) Kids See Ghosts
83%
2 Fire
75%
4 (Feat. Ty Dolla $ign) Freeee
75%
1 (Feat. Pusha T) Feel the Love
74%
No matching quizzes found
Score Distribution
Percent of People with Each Score
Percentile by Number Answered
Your Score History
You have not taken this quiz